| 000 | 01206cam a22002415a 4500 | ||
|---|---|---|---|
| 001 | L140384 | ||
| 008 | 070920r18951677xxk f 001 0 eng d | ||
| 035 | _a(Sirsi) u140384 | ||
| 041 | 0 | _aeng | |
| 110 | 2 |
_aLondon and Middlesex Archaeological Society _95355 |
|
| 245 | 0 | 0 |
_aLondon survey'd _bor, an explanation of the large map of London by John Ogilby and William Morgan, His Majesty's Cosmographers, 1677 _h[cartographic material] |
| 250 | _aFacsim. | ||
| 260 |
_aLondon _bLondon and Middlesex Archaeological Society _c1895 |
||
| 300 | _a59 p., 33 cm. | ||
| 500 | _aFrom title page: 'Reproduced in facsimile and edited, from the unique copy in the British Museum, with an introduction containing a life of John Ogilby and a description of his Map of London by Charles Welch, F. S. A., Honorary Secretary to the London and Middlesex Archaeological Society. | ||
| 500 | _aProduced to accompany a facsimile reproduction of Ogilby and Morgan's Map of London, 1677 (see L140388). | ||
| 651 | 4 | _aLondon | |
| 690 | _aENVIRONMENTAL AND LAND CONSULTANCY-GEOMATICS-MAPPING AND POSITIONING-CARTOGRAPHY | ||
| 700 | 1 | _aOgilby, John | |
| 700 | 1 | _aMorgan, William | |
| 700 | 1 | _aWelch, Charles | |
| 942 | _n0 | ||
| 999 |
_c107494 _d107494 |
||